000 00547nam a2200241 a 4500
001 nice12345678
003 IN_TiNIC
005 20260116012424.0
008 050524s1969 hyda grp 000 0 urd
020 _a
_c100
082 0 0 _a303.66
_bLAL
100 _aLal, Brij
245 _aQaumi Yakjehti.
260 _aHyderabad
_bHindustani Sahtiya
_c1969
300 _a48p
500 _aincludes index and biblioraphy
505 2 _aChronology
650 _aPeace
700 1 _aLal, Brij
902 _bSRS
942 _cBK
999 _c6963
_d6963